Statistics for Type the Alphabet in 15 Seconds

Click here to take the quiz!

General Stats

  • This quiz has been taken 22 times
  • The average score is 20 of 26

Answer Stats

Seconds!% Correct
a
100%
b
100%
c
100%
d
100%
e
100%
f
100%
g
100%
h
83%
i
83%
j
83%
k
83%
l
83%
m
83%
n
83%
o
67%
p
67%
q
67%
r
67%
s
67%
t
67%
u
67%
v
67%
w
50%
x
50%
y
50%
z
33%

Score Distribution

Percentile by Number Answered

Percent of People with Each Score

Your Score History

You have not taken this quiz